| 000 | 00692na a2200241 4500 | ||
|---|---|---|---|
| 001 | 18982 | ||
| 003 | MIRAKIL | ||
| 005 | 20181213155051.0 | ||
| 008 | 161206b tu 000 0 | ||
| 020 | _a9786056444579 | ||
| 040 |
_aMilas _btur _cTR-AnCHP |
||
| 041 | _atur | ||
| 082 |
_a956.22316 _bN54 2014 |
||
| 090 | _a956.22316 N54 2014 | ||
| 245 |
_aNilüfer'in hikayesi _cNilüfer Belediyesi |
||
| 260 |
_aBursa _bNilüfer Belediyesi _c2014 |
||
| 300 |
_a544 s. _bres. _c29 sm. |
||
| 490 |
_aNilüfer Belediyesi Sözlü Tarih ve Araştırma Projesi _v1 |
||
| 650 |
_aTarih _xBursa _zNilüfer |
||
| 651 |
_aNilüfer ilçesi _xTarih |
||
| 710 | _aNilüfer Belediyesi | ||
| 942 |
_2dcc _cBKS |
||
| 999 |
_c5944 _d5944 |
||